| 000 | 00709nam a22002177a 4500 | ||
|---|---|---|---|
| 999 |
_c6313 _d6313 |
||
| 003 | GBCCL | ||
| 005 | 20241126110600.0 | ||
| 008 | 180509b ||||| |||| 00| 0 eng d | ||
| 020 | _a0805417486 | ||
| 022 | _a00682721 | ||
| 040 | _cgbc | ||
| 082 |
_a268.6 _bDEA |
||
| 100 |
_aDean, Robert J. _911028 |
||
| 245 |
_a52 Ready-to-Teach Bible Study Lessons: _bBased on the International Sunday School Lessons / _cRobert J. Dean, et.al. |
||
| 260 |
_bBroadman & Holman Publishers, _aNashville: _c1997 |
||
| 300 |
_a413 p.; _bill., _c23 cm. |
||
| 440 |
_aBraodman Comments _v1997-98 _911309 |
||
| 650 |
_aSunday School lessons _xCommentaries _911306 |
||
| 650 |
_aBible _xStudy and teaching _910863 |
||
| 942 |
_2ddc _cBK |
||